[Event "45th Olympiad Budapest 2024"]
[Site "Budapest"]
[Date "2024.09.13"]
[Round "3"]
[Board "4"]
[White "Koh, Wei Le Gladys"]
[Black "Le, Thanh Tu"]
[Result "0-1"]
[WhiteElo "1788"]
[BlackElo "2092"]
[PlyCount "88"]
[EventDate "2024.09.11"]
[EventType "team-tourn"]
[EventRounds "11"]
[EventCountry "HUN"]
[WhiteTeam "Singapore"]
[BlackTeam "Vietnam"]
[WhiteTeamCountry "SIN"]
[BlackTeamCountry "VIE"]

1. e4 {[%emt 0:00:02]} e6 {[%emt 0:00:13]} 2. d4 {[%emt 0:00:05]} d5 {[%emt 0:00:08]} 3. e5 {[%emt 0:00:05]} c5 {[%emt 0:00:12]} 4. c3 {[%emt 0:00:25]} Nc6 {[%emt 0:00:12]} 5. Nf3 {[%emt 0:00:07]} Qb6 {[%emt 0:00:10]} 6. Bd3 {[%emt 0:00:18]} cxd4 {[%emt 0:00:30]} 7. O-O {[%emt 0:00:29]} Bd7 {[%emt 0:00:40]} 8. Re1 {[%emt 0:00:45]} Nge7 {[%emt 0:01:25]} 9. h4 {[%emt 0:00:15]} a6 {[%emt 0:01:03]} 10. Nbd2 {[%emt 0:01:55]} dxc3 {[%emt 0:06:08]} 11. bxc3 {[%emt 0:00:22]} Ng6 {[%emt 0:06:28]} 12. Nb3 {[%emt 0:05:45]} Qc7 {[%emt 0:09:08]} 13. Qe2 {[%emt 0:04:35]} Na5 $146 {[%emt 0:04:03]} ({RR} 13... f6 14. c4 fxe5 15. Bxg6+ hxg6 16. cxd5 exd5 17. Nxe5 Nxe5 18. Bf4 Bd6 19. Bxe5 Bxe5 20. Qxe5+ Qxe5 21. Re3 Qe4 22. Rxe4+ Kf7 23. Re5 Be6 24. Rxd5 Rhf8 25. Rd4 Rfd8 26. Rxd8 Rxd8 27. Nc5 Bc8 28. a4 {0-1 Easwaralingam,A (2069)-Sebenik,M (2510) EU-ch 22nd Terme Catez 2022 (5)}) ({RR} 13... f6 14. exf6 gxf6 15. Nfd4 e5 16. Nxc6 Bxc6 17. Bf5 Bd7 18. Qg4 O-O-O 19. Be3 Rg8 20. Bxd7+ Qxd7 21. Qh5 Ba3 22. Rab1 Qf7 23. Na5 Rd7 24. Rb3 Bd6 25. Reb1 b5 26. a4 b4 27. Nc6 a5 28. cxb4 {0-1 Liyanage,R (2370)-Santos Latasa,J (2631) Titled Tue 30th Jul Early 2024 (5)}) ({RR} 13... f6 14. exf6 gxf6 15. Nbd4 Nge5 16. Nxe5 Nxe5 17. Qh5+ Kd8 18. Bf4 Bd6 19. Rad1 Nxd3 20. Bxd6 Qxd6 21. Rxd3 Rc8 22. Qf7 e5 23. Nf5 Qe6 24. Qxe6 Bxe6 25. Ne3 Rc5 26. Red1 Kc8 27. Nxd5 Bxd5 28. Rxd5 {1-0 Dixit,N (2289)-Itkis,B (2330) Titled Tue 13th Jun Early 2023 (2)}) ({RR} 13... f6 14. exf6 gxf6 15. c4 O-O-O 16. cxd5 exd5 17. Bxg6 hxg6 18. Bb2 Be7 19. Rac1 Rhe8 20. Qd1 Kb8 21. Rxe7 Rxe7 22. Bxf6 Bg4 23. Nbd4 Bxf3 24. gxf3 Rd6 25. Bxe7 Qxe7 26. Nxc6+ Rxc6 27. Rxc6 bxc6 28. Qb1+ {½-½ Kiolbasa,O (2399)-Osmak,I (2419) Wroclaw Litwinska Memorial-A rapid 2021 (5.1)}) 14. h5 {[%emt 0:18:59]} Ne7 {[%emt 0:03:36]} 15. Ba3 {[%emt 0:11:03]} Nc4 {[%emt 0:08:42]} 16. Bc5 {[%emt 0:07:41]} b6 {[%emt 0:03:15]} 17. Bd4 {[%emt 0:01:37]} Nc6 {[%emt 0:09:22]} 18. Nbd2 {[%emt 0:12:18]} b5 {[%emt 0:16:44]} 19. a4 Nxd2 {[%emt 0:02:24]} 20. Nxd2 {[%emt 0:01:24]} Nxd4 {[%emt 0:01:23]} 21. cxd4 {[%emt 0:00:16]} bxa4 {[%emt 0:00:17]} 22. Bxa6 {[%emt 0:04:21]} Bb4 {[%emt 0:04:28]} 23. Bb5 {[%emt 0:02:36]} O-O {[%emt 0:01:05]} 24. Rec1 {[%emt 0:01:24]} Bxb5 {[%emt 0:01:12]} 25. Qxb5 {[%emt 0:00:08]} Qa5 {[%emt 0:00:39]} 26. Qxa5 {[%emt 0:00:35]} Rxa5 {[%emt 0:00:33]} 27. Rc2 {[%emt 0:01:57]} Rfa8 {[%emt 0:13:44]} 28. Kf1 {[%emt 0:01:13]} h6 {[%emt 0:02:40]} 29. Ke2 {[%emt 0:00:18]} Bf8 {[%emt 0:00:41]} 30. Kd3 {[%emt 0:02:32]} Rb5 {[%emt 0:01:34]} 31. Raa2 {[%emt 0:03:29]} a3 {[%emt 0:02:17]} 32. Nf1 {[%emt 0:03:33]} Rab8 {[%emt 0:02:03]} 33. Ne3 {[%emt 0:02:35]} Rb1 {[%emt 0:01:55]} 34. Kd2 {[%emt 0:00:48]} R1b3 {[%emt 0:01:20]} 35. Ke2 {[%emt 0:01:30]} R8b4 {[%emt 0:01:56]} 36. Rd2 {[%emt 0:00:29]} Rb2 {[%emt 0:00:12]} 37. Ra1 {[%emt 0:01:03]} Rxd2+ {[%emt 0:00:30]} 38. Kxd2 {[%emt 0:00:01]} Rxd4+ {[%emt 0:00:14]} 39. Kc3 {[%emt 0:00:48]} Re4 {[%emt 0:00:33]} 40. Nc2 {[%emt 0:00:09]} Rxe5 {[%emt 0:00:24]} 41. Nxa3 {[%emt 0:00:09]} Bxa3 {[%emt 0:00:27]} 42. Rxa3 {[%emt 0:00:04]} Rxh5 {[%emt 0:00:12]} 43. Ra8+ {[%emt 0:00:11]} Kh7 {[%emt 0:00:07]} 44. Kd4 {[%emt 0:00:14]} Rh2 {[%emt 0:00:26]} 0-1

[Event "45th Olympiad Budapest 2024"]
[Site "Budapest"]
[Date "2024.09.13"]
[Round "3"]
[Board "1"]
[White "Movsesian, Julia"]
[Black "Antonova, Nadezhda"]
[Result "1-0"]
[WhiteElo "2198"]
[BlackElo "1967"]
[PlyCount "73"]
[EventDate "2024.09.11"]
[EventType "team-tourn"]
[EventRounds "11"]
[EventCountry "HUN"]
[WhiteTeam "Czech Republic"]
[BlackTeam "Tajikistan"]
[WhiteTeamCountry "CZE"]
[BlackTeamCountry "TJK"]

1. e4 {[%emt 0:00:04]} c6 {[%emt 0:00:09]} 2. d4 {[%emt 0:00:27]} d5 {[%emt 0:00:08]} 3. e5 {[%emt 0:00:05]} Bf5 {[%emt 0:00:11]} 4. g4 {[%emt 0:00:04]} Be4 {[%emt 0:00:41]} 5. f3 {[%emt 0:01:11]} Bg6 {[%emt 0:02:14]} 6. Ne2 {[%emt 0:15:58]} e6 {[%emt 0:00:52]} 7. h4 {[%emt 0:03:13]} h5 {[%emt 0:00:33]} 8. Ng3 {[%emt 0:08:56]} ({RR} 8. Nf4 hxg4 9. Nxg6 fxg6 10. Qd3 Kd7 11. Qxg6 gxf3 12. Bh3 Qxh4+ 13. Kf1 Kc7 14. Qxe6 Na6 15. Qd7+ Kb6 16. a4 Nb4 17. Ra3 Nxc2 18. Rb3+ Bb4 19. Rxf3 Nxd4 20. Rf4 Qe1+ 21. Kg2 Qxe5 22. Qg4 Nf6 {0-1 Testova,N (1730)-Voit,D (2345) Vera Penzina Mem 2023 (1.2)}) 8... Be7 $146 {[%emt 0:08:11]} ({RR} 8... c5 9. Bb5+ Nc6 10. Be3 Qb6 11. c4 dxc4 12. Nc3 O-O-O 13. Bxc6 cxd4 14. Be4 dxe3 15. Qa4 hxg4 16. Bxg6 gxf3 17. Bc2 Qxb2 18. Qxc4+ Kb8 19. Rb1 Qxc2 20. Rxb7+ Kxb7 21. Qb5+ {½-½ Dukaczewski,P (2190)-Alpert,A (2300) IBCA-ol blind 10th 1996 (5.3)}) ({RR} 8... Qb6 9. a4 a5 10. c3 c5 11. Na3 cxd4 12. cxd4 Bb4+ 13. Kf2 Nd7 14. Nb5 Rc8 15. Nxh5 Bxh5 16. gxh5 Nxe5 17. Rg1 Kf8 18. Bg5 Nd7 19. Rc1 Rc6 20. f4 Ngf6 21. Bg2 Rxh5 22. Bf3 Rh8 23. h5 {1-0 Shirov,A (2705)-Parligras,M (2650) EU-chT (Men) 18th 2011 (3.2)}) 9. g5 {[%emt 0:00:34]} c5 {[%emt 0:01:10]} 10. c3 {[%emt 0:23:12]} cxd4 {[%emt 0:07:53]} 11. cxd4 {[%emt 0:00:12]} Nc6 {[%emt 0:10:50]} 12. Nc3 {[%emt 0:00:14]} Qb6 {[%emt 0:02:26]} 13. Bb5 {[%emt 0:00:16]} Bb4 {[%emt 0:03:57]} 14. Qa4 {[%emt 0:01:32]} O-O-O {[%emt 0:14:35]} 15. Bxc6 {[%emt 0:03:13]} bxc6 {[%emt 0:03:11]} 16. a3 {[%emt 0:05:44]} Bxc3+ {[%emt 0:06:05]} 17. bxc3 Qb5 {[%emt 0:08:04]} 18. Qxa7 {[%emt 0:13:06]} Qb7 {[%emt 0:11:12]} 19. Qc5 {[%emt 0:01:39]} Qb5 {[%emt 0:02:05]} 20. Qxb5 {[%emt 0:00:26]} cxb5 {[%emt 0:00:02]} 21. a4 bxa4 {[%emt 0:00:16]} 22. Rxa4 {[%emt 0:00:04]} Ne7 {[%emt 0:00:08]} 23. Ba3 {[%emt 0:01:03]} Nc6 {[%emt 0:00:39]} 24. Bd6 {[%emt 0:03:59]} Kd7 {[%emt 0:02:04]} 25. Kd2 {[%emt 0:01:17]} Ra8 {[%emt 0:03:19]} 26. Rha1 {[%emt 0:00:10]} Rxa4 27. Rxa4 {[%emt 0:00:01]} Rc8 {[%emt 0:01:10]} 28. Ne2 {[%emt 0:00:52]} Bf5 {[%emt 0:04:33]} 29. Nf4 {[%emt 0:01:07]} f6 {[%emt 0:01:35]} 30. gxf6 {[%emt 0:00:27]} gxf6 {[%emt 0:00:01]} 31. Nxh5 {[%emt 0:00:11]} fxe5 {[%emt 0:01:41]} 32. dxe5 {[%emt 0:00:21]} Nd8 {[%emt 0:02:09]} 33. Ra6 {[%emt 0:02:08]} Nb7 {[%emt 0:02:42]} 34. Nf6+ {[%emt 0:00:14]} Kd8 {[%emt 0:00:04]} 35. Ra7 {[%emt 0:00:06]} Rc7 {[%emt 0:02:32]} 36. Bxc7+ {[%emt 0:00:16]} Kxc7 {[%emt 0:00:01]} 37. Ne8+ {[%emt 0:00:13]} 1-0

[Event "45th Olympiad Budapest 2024"]
[Site "Budapest"]
[Date "2024.09.13"]
[Round "3"]
[Board "2"]
[White "Saidova, Rukhshona"]
[Black "Kanakova, Natalie"]
[Result "0-1"]
[WhiteElo "1873"]
[BlackElo "2145"]
[PlyCount "50"]
[EventDate "2024.09.11"]
[EventType "team-tourn"]
[EventRounds "11"]
[EventCountry "HUN"]
[WhiteTeam "Tajikistan"]
[BlackTeam "Czech Republic"]
[WhiteTeamCountry "TJK"]
[BlackTeamCountry "CZE"]

1. e4 {[%emt 0:00:05]} c5 {[%emt 0:00:06]} 2. Nf3 {[%emt 0:00:21]} e6 {[%emt 0:00:06]} 3. d4 {[%emt 0:00:30]} cxd4 {[%emt 0:00:05]} 4. Nxd4 {[%emt 0:00:10]} Nf6 {[%emt 0:00:06]} 5. Nc3 {[%emt 0:00:27]} Nc6 {[%emt 0:00:06]} 6. Bf4 {[%emt 0:01:48]} Bb4 {[%emt 0:06:22]} 7. Ndb5 {[%emt 0:06:13]} e5 {[%emt 0:15:11]} 8. Bg5 {[%emt 0:01:23]} O-O {[%emt 0:05:54]} 9. Bc4 {[%emt 0:08:43]} ({RR} 9. a3 Be7 10. Bxf6 Bxf6 11. Nd5 Bg5 12. Be2 d6 13. O-O a6 14. Nbc3 Nd4 15. Bg4 Be6 16. h3 Rc8 17. Qd3 Rc5 18. Rad1 Bxd5 19. Nxd5 Rxc2 20. b4 g6 21. Ne3 Rc7 22. Nd5 Rc2 23. Ne3 Rc7 {½-½ Lintchevski,D (2544)-Tregubov,P (2579) Titled Tuesday intern op 17th April blitz 2018 (2)}) ({RR} 9. a3 Bxc3+ 10. Nxc3 h6 11. Bxf6 Qxf6 12. Nd5 Qg6 13. Qd3 d6 14. O-O-O Be6 15. f3 Rfd8 16. Qb5 Rab8 17. Bc4 Kh8 18. Kb1 Rd7 19. f4 f5 20. fxe5 dxe5 21. exf5 Bxf5 22. Ne3 Rbd8 23. Rxd7 Rxd7 {½-½ Sethuraman,R (2124)-Principe,G (2153) Titled Tue 11th Jun Early 2024 (3)}) 9... a6 {[%emt 0:05:58]} 10. Nd6 {[%emt 0:07:47]} Nd4 {[%emt 0:02:24]} 11. Nxc8 $146 {[%emt 0:11:59]} ({RR} 11. Nxf7 Rxf7 12. Bxf7+ Kxf7 13. f4 Bxc3+ 14. bxc3 Ne6 15. fxe5 Nxg5 16. exf6 g6 17. h4 Ne6 18. h5 g5 19. e5 Qa5 {½-½ Boehme,J (1675)-Forgach,A (1851) Korbach op 9th 2017 (4)}) ({RR} 11. Nxf7 Rxf7 12. Bxf7+ Kxf7 13. O-O Bxc3 14. bxc3 Ne6 15. f4 exf4 16. Bxf4 Kg8 17. e5 Qb6+ 18. Kh1 Ne4 19. Qf3 Qc6 20. Be3 N4g5 21. Qf2 h6 22. Bxg5 Nxg5 23. Rad1 Qe6 24. Qc5 Nf7 25. Rf2 Qxe5 {1-0 Smetisko,M (1792)-Koljevic,N (1972) EU-ch U18 Girls 2019 (2)}) 11... Rxc8 {[%emt 0:00:13]} 12. Bd5 {[%emt 0:04:57]} Rxc3 {[%emt 0:07:08]} 13. bxc3 {[%emt 0:00:40]} Bxc3+ {[%emt 0:00:05]} 14. Kf1 {[%emt 0:00:29]} Bxa1 {[%emt 0:00:39]} 15. Qxa1 {[%emt 0:00:15]} h6 {[%emt 0:05:37]} 16. Bh4 {[%emt 0:04:12]} Qb6 {[%emt 0:01:46]} 17. Bxf6 {[%emt 0:05:26]} Qxf6 {[%emt 0:00:04]} 18. c3 {[%emt 0:01:39]} Ne6 {[%emt 0:05:00]} 19. Bxb7 {[%emt 0:06:35]} Nc5 {[%emt 0:03:35]} 20. Bd5 {[%emt 0:00:16]} Nd3 {[%emt 0:02:48]} 21. Ke2 {[%emt 0:06:16]} Nf4+ {[%emt 0:00:09]} 22. Kf1 {[%emt 0:03:54]} Qg6 {[%emt 0:00:39]} 23. Rg1 {[%emt 0:02:30]} Nxd5 {[%emt 0:00:10]} 24. exd5 {[%emt 0:00:02]} Qd3+ {[%emt 0:00:10]} 25. Ke1 {[%emt 0:00:05]} Rb8 {[%emt 0:00:07]} 0-1

[Event "45th Olympiad Budapest 2024"]
[Site "Budapest"]
[Date "2024.09.13"]
[Round "3"]
[Board "3"]
[White "Korenova, Martina"]
[Black "Tolibova, Dilola"]
[Result "1-0"]
[WhiteElo "2104"]
[BlackElo "1831"]
[PlyCount "85"]
[EventDate "2024.09.11"]
[EventType "team-tourn"]
[EventRounds "11"]
[EventCountry "HUN"]
[WhiteTeam "Czech Republic"]
[BlackTeam "Tajikistan"]
[WhiteTeamCountry "CZE"]
[BlackTeamCountry "TJK"]

1. d4 {[%emt 0:00:05]} d5 {[%emt 0:00:11]} 2. c4 {[%emt 0:00:27]} e6 {[%emt 0:00:04]} 3. g3 {[%emt 0:00:24]} Nf6 {[%emt 0:00:45]} 4. Bg2 {[%emt 0:00:17]} c5 {[%emt 0:03:53]} 5. Nf3 {[%emt 0:02:18]} Nc6 {[%emt 0:01:05]} 6. O-O {[%emt 0:01:42]} dxc4 {[%emt 0:04:13]} 7. Qa4 {[%emt 0:01:12]} Bd7 {[%emt 0:05:59]} 8. Qxc4 {[%emt 0:01:08]} Qb6 {[%emt 0:02:33]} 9. dxc5 {[%emt 0:22:55]} Bxc5 {[%emt 0:00:55]} 10. Nc3 {[%emt 0:01:38]} Na5 {[%emt 0:11:06]} 11. Qf4 {[%emt 0:07:09]} Bc6 {[%emt 0:08:13]} 12. Na4 {[%emt 0:03:34]} Bxa4 {[%emt 0:05:08]} 13. Qxa4+ {[%emt 0:00:05]} Nc6 {[%emt 0:01:28]} 14. Ne5 {[%emt 0:02:37]} Rc8 $146 {[%emt 0:01:01]} ({RR} 14... Nd5 15. Nxc6 bxc6 16. Qg4 O-O 17. Rb1 f5 18. Qc4 Rad8 19. Bg5 Rc8 20. b4 Bd6 21. e4 fxe4 22. Bxe4 Qb5 23. Qc2 Nxb4 24. Qd2 Qe5 25. Rfe1 Rxf2 26. Kxf2 Rf8+ 27. Kg2 Qc5 28. Be3 Qe5 29. Bf4 {1-0 Nikola,R (2053)-Schmidt,V (1953) Suedwestfalen Verbandsklasse 0001 2000 (9)}) ({RR} 14... Nd5 15. Nxc6 bxc6 16. a3 O-O 17. e3 Rfd8 18. Qc2 a5 19. Bd2 Bd6 20. e4 Ne7 21. Be3 Qc7 22. f4 e5 23. f5 c5 24. f6 Nc6 25. fxg7 Nd4 26. Qd1 Rab8 27. Rf2 c4 28. Qh5 Ne6 29. Raf1 {1-0 Donghvani,N (2070)-Gasparyan,M (1909) 40th World Junior Girls 2024 (10.22)}) ({RR} 14... Nd5 15. a3 Rc8 16. Bxd5 exd5 17. Qg4 Rc7 18. Qxg7 Rf8 19. Nxc6 Rxc6 20. Bf4 Rg6 21. Qe5+ Re6 22. Qxd5 Rxe2 23. Qf3 Rxb2 24. Rae1+ Be7 25. Rxe7+ Kxe7 26. Re1+ Kd8 27. Qd5+ Kc8 28. Rc1+ Qc6 29. Rxc6+ {1-0 Buhmann,R (2416)-Bax,F NED-ch U20 op 2000 (6)}) 15. Nd3 {[%emt 0:10:59]} O-O {[%emt 0:02:46]} 16. Nxc5 {[%emt 0:00:06]} Qxc5 {[%emt 0:00:01]} 17. Be3 {[%emt 0:00:27]} Qe5 {[%emt 0:03:17]} 18. b4 {[%emt 0:15:30]} a6 {[%emt 0:01:21]} 19. Rac1 {[%emt 0:04:50]} Ne4 {[%emt 0:06:40]} 20. b5 {[%emt 0:02:18]} Nc3 {[%emt 0:05:13]} 21. Rxc3 {[%emt 0:00:10]} Qxc3 {[%emt 0:00:09]} 22. bxc6 {[%emt 0:00:05]} bxc6 {[%emt 0:00:21]} 23. Rc1 {[%emt 0:02:06]} Qb2 {[%emt 0:03:05]} 24. Qc4 {[%emt 0:02:13]} a5 {[%emt 0:01:00]} 25. Be4 {[%emt 0:03:41]} Rfd8 {[%emt 0:01:03]} 26. Bd3 {[%emt 0:00:31]} Rd7 {[%emt 0:02:47]} 27. Qe4 {[%emt 0:02:02]} g6 {[%emt 0:00:55]} 28. Rxc6 {[%emt 0:00:41]} Rxc6 {[%emt 0:02:32]} 29. Qxc6 {[%emt 0:00:04]} Qb7 {[%emt 0:00:05]} 30. Qc5 {[%emt 0:01:18]} a4 {[%emt 0:01:15]} 31. Qe5 {[%emt 0:01:15]} Qb4 {[%emt 0:06:46]} 32. h4 {[%emt 0:02:32]} a3 {[%emt 0:01:10]} 33. h5 {[%emt 0:01:07]} Qb2 {[%emt 0:00:59]} 34. Qc5 {[%emt 0:02:31]} Rd5 {[%emt 0:05:55]} 35. Qc8+ {[%emt 0:04:44]} Kg7 {[%emt 0:00:07]} 36. h6+ {[%emt 0:00:44]} Kf6 {[%emt 0:00:09]} 37. g4 {[%emt 0:00:17]} Qxa2 {[%emt 0:02:12]} 38. Qc3+ {[%emt 0:01:26]} Ke7 {[%emt 0:00:31]} 39. Bc5+ {[%emt 0:00:31]} Rxc5 {[%emt 0:00:23]} 40. Qxc5+ {[%emt 0:00:04]} Kd7 {[%emt 0:01:33]} 41. Bb5+ {[%emt 0:00:16]} Kd8 {[%emt 0:00:08]} 42. Qd6+ {[%emt 0:00:09]} Kc8 {[%emt 0:00:16]} 43. Ba6# {[%emt 0:00:03]} 1-0

[Event "45th Olympiad Budapest 2024"]
[Site "Budapest"]
[Date "2024.09.13"]
[Round "3"]
[Board "2"]
[White "Skvortsova, Alena"]
[Black "Miller, Rachel"]
[Result "1/2-1/2"]
[WhiteElo "2179"]
[BlackElo "1912"]
[PlyCount "177"]
[EventDate "2024.09.11"]
[EventType "team-tourn"]
[EventRounds "11"]
[EventCountry "HUN"]
[WhiteTeam "Montenegro"]
[BlackTeam "Jamaica"]
[WhiteTeamCountry "MNE"]
[BlackTeamCountry "JAM"]

1. e4 {[%emt 0:00:05]} c6 {[%emt 0:00:14]} 2. d4 {[%emt 0:01:36]} d5 {[%emt 0:00:15]} 3. e5 {[%emt 0:00:29]} c5 {[%emt 0:00:13]} 4. dxc5 {[%emt 0:00:24]} e6 {[%emt 0:00:18]} 5. a3 {[%emt 0:02:16]} Bxc5 {[%emt 0:00:09]} 6. b4 {[%emt 0:00:24]} Be7 {[%emt 0:00:20]} 7. Nf3 {[%emt 0:03:16]} a5 {[%emt 0:03:11]} 8. b5 {[%emt 0:02:02]} f6 {[%emt 0:01:47]} 9. Bd3 {[%emt 0:09:27]} Nd7 {[%emt 0:05:19]} 10. Bb2 {[%emt 0:01:39]} Nh6 {[%emt 0:02:33]} 11. O-O {[%emt 0:05:08]} Nf7 {[%emt 0:02:05]} 12. exf6 {[%emt 0:02:28]} Bxf6 {[%emt 0:00:45]} 13. Bxf6 {[%emt 0:13:49]} Qxf6 {[%emt 0:01:26]} 14. Ra2 {[%emt 0:00:15]} e5 {[%emt 0:11:23]} 15. Be2 $146 {[%emt 0:03:22]} ({RR} 15. Re1 O-O 16. Bf1 Nb6 17. h3 Be6 18. c3 Rac8 19. Rae2 Nc4 20. a4 Rfd8 21. Nbd2 e4 22. Nd4 Nfe5 23. Nxc4 Nxc4 24. Nxe6 Qxe6 25. Qd4 Ne5 26. Rd2 Qf6 27. Red1 b6 28. Qe3 Rxc3 29. Qxc3 Nf3+ {0-1 Omota,V (1945)-Provoost,S (2165) 26th HZ Open 2024 (2.32)}) ({RR} 15. Re1 O-O 16. Bf1 Nb6 17. c4 dxc4 18. Nbd2 Be6 19. Rc2 Rac8 20. Qc1 Bd5 21. Nxc4 Bxf3 22. Nxb6 Rxc2 23. Qxc2 Qxb6 24. gxf3 Ng5 25. Qb3+ Kh8 26. Bg2 e4 27. Qe3 Qg6 28. Kh1 exf3 29. Bf1 h6 {0-1 Hapala,E (2113)-Hernandez Gil,I (2234) Olympiad Women-44 2022 (8.4)}) ({RR} 15. Re1 O-O 16. Bf1 e4 17. Nd4 Nfe5 18. Qd2 Ng4 19. h3 Nge5 20. c4 Nxc4 21. Bxc4 dxc4 22. Qc3 Nb6 23. Rxe4 Bf5 24. Nxf5 Qxf5 25. Rae2 Rad8 26. Nd2 Rd3 27. Qc2 Rxa3 28. Nxc4 Ra1+ 29. Kh2 Nd5 {1-0 Makridis,D (2226)-Basso,P (2550) Aegean op 44th 2021 (5)}) 15... Nb6 {[%emt 0:02:30]} 16. c4 {[%emt 0:07:12]} d4 {[%emt 0:06:54]} 17. Bd3 {[%emt 0:07:17]} O-O {[%emt 0:14:29]} 18. Nbd2 {[%emt 0:07:16]} Be6 {[%emt 0:05:37]} 19. Ne4 {[%emt 0:03:21]} Qe7 {[%emt 0:04:20]} 20. Qc1 {[%emt 0:02:39]} Nd7 {[%emt 0:05:56]} 21. Rc2 {[%emt 0:02:35]} Nc5 {[%emt 0:04:47]} 22. Nxc5 {[%emt 0:00:11]} Qxc5 {[%emt 0:00:04]} 23. Be4 {[%emt 0:04:31]} Rab8 {[%emt 0:03:52]} 24. Ne1 {[%emt 0:00:26]} Nd6 {[%emt 0:00:48]} 25. Nd3 {[%emt 0:00:09]} Qc8 {[%emt 0:01:34]} 26. Bd5 {[%emt 0:04:53]} Bxd5 {[%emt 0:00:06]} 27. cxd5 {[%emt 0:00:03]} Qf5 {[%emt 0:00:03]} 28. Nc5 {[%emt 0:02:29]} d3 {[%emt 0:03:26]} 29. Rc3 {[%emt 0:02:28]} Nxb5 {[%emt 0:00:33]} 30. Rxd3 {[%emt 0:02:03]} Rbc8 {[%emt 0:00:04]} 31. Rf3 {[%emt 0:00:33]} Qg4 {[%emt 0:08:22]} 32. Rxf8+ {[%emt 0:00:57]} Rxf8 {[%emt 0:00:04]} 33. Ne6 {[%emt 0:00:21]} Nd4 {[%emt 0:00:27]} 34. Qc7 {[%emt 0:08:05]} Nxe6 {[%emt 0:04:16]} 35. dxe6 {[%emt 0:01:30]} Qxe6 {[%emt 0:00:59]} 36. Qxb7 {[%emt 0:01:13]} Qa2 {[%emt 0:04:03]} 37. Qe7 {[%emt 0:00:45]} Qd5 {[%emt 0:01:42]} 38. g3 {[%emt 0:00:59]} e4 {[%emt 0:00:28]} 39. Re1 {[%emt 0:00:41]} Qd2 {[%emt 0:00:10]} 40. Rf1 {[%emt 0:00:04]} Qd5 {[%emt 0:00:41]} 41. Qa7 {[%emt 0:00:58]} h6 {[%emt 0:02:31]} 42. Re1 {[%emt 0:09:04]} Qa2 {[%emt 0:05:39]} 43. Qc5 {[%emt 0:04:54]} Rf3 {[%emt 0:01:18]} 44. Rc1 {[%emt 0:15:14]} e3 {[%emt 0:01:08]} 45. Qc8+ {[%emt 0:02:08]} Kh7 {[%emt 0:03:45]} 46. Qc2+ {[%emt 0:00:40]} Qxc2 {[%emt 0:00:06]} 47. Rxc2 {[%emt 0:00:02]} exf2+ {[%emt 0:00:05]} 48. Rxf2 {[%emt 0:00:03]} Rxa3 {[%emt 0:00:05]} 49. Rb2 {[%emt 0:00:36]} Kg6 {[%emt 0:01:10]} 50. Kg2 {[%emt 0:00:41]} a4 {[%emt 0:02:13]} 51. Rb4 {[%emt 0:00:40]} Kf5 {[%emt 0:00:27]} 52. Rb5+ {[%emt 0:00:27]} Ke4 {[%emt 0:01:50]} 53. Rb7 {[%emt 0:00:30]} Ra2+ {[%emt 0:00:20]} 54. Kh3 {[%emt 0:00:09]} g5 {[%emt 0:02:55]} 55. Rh7 {[%emt 0:00:40]} h5 {[%emt 0:08:32]} 56. Rxh5 {[%emt 0:00:56]} Kf5 {[%emt 0:00:11]} 57. g4+ {[%emt 0:00:05]} Kf4 {[%emt 0:00:05]} 58. Rh8 {[%emt 0:00:23]} Ra3+ {[%emt 0:00:25]} 59. Kg2 {[%emt 0:00:05]} Kxg4 {[%emt 0:00:05]} 60. h3+ {[%emt 0:00:15]} Kf5 {[%emt 0:00:19]} 61. Rf8+ {[%emt 0:00:29]} Ke4 {[%emt 0:00:12]} 62. Rg8 {[%emt 0:00:46]} Ra2+ {[%emt 0:00:47]} 63. Kg3 {[%emt 0:00:15]} Ra1 {[%emt 0:00:33]} 64. Kg2 {[%emt 0:00:09]} Kf5 {[%emt 0:03:09]} 65. Rf8+ {[%emt 0:00:05]} Kg6 {[%emt 0:00:28]} 66. Rg8+ {[%emt 0:00:06]} Kf6 {[%emt 0:00:14]} 67. Rf8+ {[%emt 0:00:10]} Kg7 {[%emt 0:00:52]} 68. Ra8 {[%emt 0:00:05]} a3 {[%emt 0:00:07]} 69. Ra6 {[%emt 0:00:11]} a2 {[%emt 0:00:03]} 70. Kh2 {[%emt 0:00:09]} Kf7 {[%emt 0:00:05]} 71. Kg2 {[%emt 0:00:21]} Ke7 {[%emt 0:00:02]} 72. Kh2 {[%emt 0:00:12]} Kd7 {[%emt 0:00:02]} 73. Kg2 {[%emt 0:00:11]} Kc7 {[%emt 0:00:02]} 74. Kh2 {[%emt 0:00:11]} Kb7 {[%emt 0:00:03]} 75. Ra5 {[%emt 0:00:21]} Kb6 {[%emt 0:00:18]} 76. Ra8 {[%emt 0:00:05]} Kc5 {[%emt 0:00:49]} 77. Rc8+ {[%emt 0:00:08]} Kb4 {[%emt 0:00:07]} 78. Rb8+ {[%emt 0:00:09]} Kc3 {[%emt 0:00:08]} 79. Rc8+ {[%emt 0:00:10]} Kd2 {[%emt 0:00:18]} 80. Rd8+ {[%emt 0:00:07]} Ke3 {[%emt 0:00:03]} 81. Re8+ {[%emt 0:00:08]} Kf4 {[%emt 0:00:10]} 82. Rf8+ {[%emt 0:00:08]} Ke5 {[%emt 0:00:07]} 83. Re8+ {[%emt 0:00:05]} Kf6 {[%emt 0:00:16]} 84. Rf8+ {[%emt 0:00:06]} Ke7 {[%emt 0:00:25]} 85. Ra8 {[%emt 0:00:05]} Kd7 {[%emt 0:00:13]} 86. Ra6 {[%emt 0:00:12]} Kc7 {[%emt 0:00:03]} 87. Ra8 {[%emt 0:00:04]} Kb7 {[%emt 0:00:03]} 88. Ra5 {[%emt 0:00:04]} Kb6 {[%emt 0:00:38]} 89. Ra8 {[%emt 0:00:05]} 1/2-1/2